|
|
|
|
| LEADER |
00000cam a2200000 4500 |
| 001 |
vtls012140586 |
| 003 |
SK-MaSNL |
| 005 |
20260301191852.0 |
| 008 |
220622s1999 xo a f f 000 0 slo |
| 015 |
|
|
|a SNBA1999
|
| 020 |
|
|
|a 808533061X
|q (brožované)
|
| 040 |
|
|
|a SNK
|b slo
|c SNK
|e rda
|
| 041 |
0 |
|
|a slo
|
| 044 |
|
|
|a xo
|c SK
|
| 072 |
|
7 |
|a 631
|x Poľnohospodárstvo. Pedológia. Agrotechnika. Agroekológia
|2 konspekt
|
| 080 |
|
|
|a 631.582
|2 2011
|
| 080 |
|
|
|a (048.8:082)
|2 2011
|
| 100 |
1 |
|
|a Pospišil, Richard,
|d 1954-
|4 aut
|9 7530
|
| 245 |
1 |
0 |
|a Osevné postupy
|c Richard Pospišil, Emil Líška, Karol Kováč
|
| 264 |
|
1 |
|a Nitra
|b Vydavateľstvo NOI, redakcia Ústavu vedecko-technických informácií pre pôdohospodárstvo
|c 1999
|
| 300 |
|
|
|a 77 strán
|b grafy
|c 21 cm
|
| 336 |
|
|
|a text
|b txt
|2 rdacontent
|
| 337 |
|
|
|a bez média
|b n
|2 rdamedia
|
| 338 |
|
|
|a zväzok
|b nc
|2 rdacarrier
|
| 650 |
0 |
7 |
|a striedanie plodín
|2 SNKPH
|9 72796
|
| 650 |
0 |
7 |
|a Crop rotation
|2 SNKPHeng
|9 426052
|
| 655 |
|
7 |
|a kolektívne monografie
|2 SNKPH
|9 249850
|
| 655 |
|
7 |
|a Collective monographs
|2 SNKPHeng
|9 125747
|
| 700 |
1 |
|
|a Líška, Emil,
|d 1944-
|4 aut
|9 224357
|
| 700 |
1 |
|
|a Kováč, Karol
|4 aut
|9 5313
|
| 852 |
|
|
|a Slovenská národná knižnica
|
| 919 |
|
|
|a 80-85330-61-X
|
| 954 |
|
|
|a odborná, vedecká literatúra pôvodná (slovenská)
|2 lita
|
| 999 |
|
|
|c 872519
|d 874449
|
| 952 |
|
|
|a SNK
|b SNK
|y PREZ
|7 0
|p 17A1483682
|o snkSC 199342
|i snk2022/10345
|8 7
|0 0
|1 0
|4 0
|d 2022-06-22
|l 0
|r 2025-10-22 00:00:00
|w 2026-02-24
|